000 01057nam0a2200289 4500
001 RU\NLR\b_ik\189630
005 20250616231045.0
010 _a978-5-86889-532-6
_9100
035 _a(NLR Aleph) 002262099
090 _a3833513
_c3833513
100 _a20110420d2010 |||y0rusy50 ca
101 0 _aeng
102 _aRU
105 _aac |||||||||
200 1 _aRussian electronics chronology
_fProf. Ludmila I. Sharygina
_gTomsk state univ. of control systems a. radio electronics
210 _aTomsk
_cTUCSR
_d2010
215 _a92 с.
_cил., цв. ил., портр.
_d24
300 _aВ вып. дан. авт.: Шарыгина Людмила Ивановна
320 _aБиблиогр.: с. 89-92 (60 назв.)
606 1 _aЭлектроника
_xИстория
_92383773
_3RU\NLR\AUTH\661422052
686 1 _aЗ8г
700 1 _aŠarygina
_bL. I.
_gLjudmila Ivanovna
_4070
801 0 _aRU
_bNLR
_c20110420
_gRCR
830 _aРоссийская хронология электроники
942 _cBOOK
980 _aNB